| 000 -LEADER | |
|---|---|
| fixed length control field | 00421nam a22001697a 4500 |
| 005 - DATE AND TIME OF LATEST TRANSACTION | |
| control field | 20180223151254.0 |
| 008 - FIXED-LENGTH DATA ELEMENTS--GENERAL INFORMATION | |
| fixed length control field | 160614b xxu||||| |||| 00| 0 eng d |
| 020 ## - INTERNATIONAL STANDARD BOOK NUMBER | |
| ISBN | 0-7069-9904-5 |
| 041 ## - LANGUAGE CODE | |
| Language code of text/sound track or separate title | eng |
| 082 ## - DEWEY DECIMAL CLASSIFICATION NUMBER | |
| Item number | 7544 |
| Classification number | 327 |
| 100 ## - MAIN ENTRY--AUTHOR NAME | |
| Personal name | Chandra, Prakash |
| 245 ## - TITLE STATEMENT | |
| Title | International Reletions |
| 260 ## - PUBLICATION, DISTRIBUTION, ETC. (IMPRINT) | |
| Place of publication | New Delhi |
| Name of publisher | Vikas Publishing House (P) Ltd. |
| 300 ## - PHYSICAL DESCRIPTION | |
| Number of Pages | 369 |
| 650 ## - SUBJECT ADDED ENTRY--TOPICAL TERM | |
| Topical Term | Management |
| 942 ## - ADDED ENTRY ELEMENTS (KOHA) | |
| Koha item type | Books |
| Lost status | Damaged status | Collection code | Home library | Current library | Shelving location | Date acquired | Cost, normal purchase price | Full call number | Accession Number | Koha item type |
|---|---|---|---|---|---|---|---|---|---|---|
| LAW | JRU Library | JRU Library | SHELF-29-F | 14/06/2016 | 150.00 | 327 | 7544 | Books | ||
| LAW | JRU Library | JRU Library | SHELF-29-F | 14/06/2016 | 150.00 | 327 | 7545 | Books | ||
| Reference | JRU Library | SHELF-30-J | 14/06/2016 | 150.00 | 327 | 7546 | Books | |||
| LAW | JRU Library | JRU Library | SHELF-29-F | 14/06/2016 | 150.00 | 327 | 7547 | Books | ||
| LAW | JRU Library | JRU Library | SHELF-29-F | 14/06/2016 | 150.00 | 327 | 7548 | Books | ||
| LAW | JRU Library | JRU Library | SHELF-29-F | 14/06/2016 | 150.00 | 327 | 7549 | Books |